000 00448cam a2200181ua 4500
020 _c500.00
041 _aeng
_h
082 _a635.01
_bSIN/EL
100 _aSingh, D.K .
245 _aElements of horticulture /
_cD.K Singh.
_hTextual Documents
260 _aUdaypur :
_bAgro-tech publishing academy ,
_c2005.
300 _a ; .
365 _a500.00
504 _a
700 1 _aSingh, S.K .
942 _cBK
999 _c13512
_d13512